[Event "New England Masters"]
[Site "Pawtucket"]
[Date "2008.08.15"]
[Round "8.5"]
[White "Arkell, Keith"]
[Black "Stopa, Jacek"]
[Result "0-1"]
[WhiteElo "2506"]
[BlackElo "2440"]
[PlyCount "66"]
[EventDate "2008.08.??"]
[SourceDate "2008.08.11"]

1. d4 Nf6 2. Nf3 g6 3. c4 Bg7 4. g3 O-O 5. Bg2 d6 6. O-O Nc6 7. Nc3 Bf5 8. b3
e5 9. d5 Ne7 10. Ne1 e4 11. Nc2 Re8 12. Nd4 Qd7 13. Nxf5 Nxf5 14. Bb2 Re7 15.
Qc2 Rae8 16. Rad1 h5 17. e3 h4 18. Nb5 hxg3 19. hxg3 Nh7 20. Bxg7 Kxg7 21. Qb2+
f6 22. Qe2 Ng5 23. Rfe1 Rh8 24. Rc1 a6 25. Nc3 Nh6 26. Qd1 Ng4 27. Ne2 Nh2 28.
Nd4 Nh3+ 29. Kxh2 Nxf2+ 30. Kg1 Nxd1 31. Ne6+ Rxe6 32. dxe6 Qxe6 33. Rcxd1 Qg4
0-1

[Event "New England Masters"]
[Site "Pawtucket"]
[Date "2008.08.15"]
[Round "8.6"]
[White "Kaminski, Victor"]
[Black "Ippolito, Dean"]
[Result "1/2-1/2"]
[WhiteElo "2212"]
[BlackElo "2445"]
[PlyCount "88"]
[EventDate "2008.08.??"]
[SourceDate "2008.08.11"]

1. e4 e5 2. Nf3 Nf6 3. Nxe5 d6 4. Nf3 Nxe4 5. Qe2 Qe7 6. d3 Nf6 7. Bg5 Qxe2+ 8.
Bxe2 Be7 9. Nc3 c6 10. O-O-O Na6 11. Rhe1 Nc7 12. Nd4 Ne6 13. Nxe6 Bxe6 14. Bf3
Kd7 15. h3 Rhe8 16. Ne2 Kc7 17. Nf4 Bd7 18. Nh5 Nxh5 19. Rxe7 Rxe7 20. Bxe7 Nf4
21. Bg5 Ne6 22. Be3 Re8 23. d4 d5 24. Bg4 Nf8 25. Bf4+ Kc8 26. Bxd7+ Kxd7 27.
Kd2 Ng6 28. Bg3 Re4 29. c3 Nf4 30. Bxf4 Rxf4 31. f3 h5 32. Ke3 Rf6 33. h4 Re6+
34. Kf2 Ke7 35. g3 Kf6 36. b4 Kf5 37. Rg1 f6 38. a4 Re8 39. a5 g6 40. Rb1 a6
41. Rg1 Re7 42. Rg2 Rh7 43. Rg1 Re7 44. Rg2 Rh7 1/2-1/2

[Event "New England Masters"]
[Site "Pawtucket"]
[Date "2008.08.15"]
[Round "8.7"]
[White "Sammour-Hasbun, Jorge"]
[Black "Masse, Hugues"]
[Result "1/2-1/2"]
[WhiteElo "2463"]
[BlackElo "2196"]
[PlyCount "88"]
[EventDate "2008.08.??"]
[SourceDate "2008.08.11"]

1. d4 Nf6 2. c4 g6 3. Nc3 d5 4. cxd5 Nxd5 5. e4 Nxc3 6. bxc3 Bg7 7. Nf3 c5 8.
Rb1 O-O 9. Be2 cxd4 10. cxd4 Qa5+ 11. Bd2 Qxa2 12. O-O b6 13. Qc1 Qe6 14. Bc4
Qxe4 15. Re1 Qb7 16. Bb4 Be6 17. Rxe6 fxe6 18. Ng5 Nc6 19. Nxe6 Kh8 20. Bc3 Bf6
21. Qh6 Rf7 22. Nc5 Qc8 23. Bxf7 Qf5 24. Bxg6 Qxg6 25. Qxg6 hxg6 26. Ne6 Rc8
27. Rb3 Kg8 28. Kf1 Kf7 29. d5 Nd8 30. Bxf6 exf6 31. Nf4 Rc4 32. g3 Rc5 33. Rf3
a5 34. g4 a4 35. g5 Ra5 36. Ne2 a3 37. Nc3 a2 38. Rxf6+ Kg7 39. Nxa2 Rxa2 40.
Rxb6 Ra5 41. Kg2 Rxd5 42. f4 Rd7 43. h4 Rd3 44. h5 gxh5 1/2-1/2

[Event "New England Masters"]
[Site "Pawtucket"]
[Date "2008.08.15"]
[Round "8.8"]
[White "Hungaski, Robert"]
[Black "Melekhina, Alisa"]
[Result "0-1"]
[WhiteElo "2407"]
[BlackElo "2265"]
[PlyCount "140"]
[EventDate "2008.08.??"]
[SourceDate "2008.08.11"]

1. Nf3 Nf6 2. c4 g6 3. Nc3 Bg7 4. e4 d6 5. d4 O-O 6. Be2 e5 7. O-O Nc6 8. d5
Ne7 9. Ne1 Nd7 10. f3 f5 11. g4 f4 12. h4 Kh8 13. g5 h6 14. Kg2 Kg8 15. Rh1
hxg5 16. hxg5 Kf7 17. Nd3 Ng8 18. Kf1 Qxg5 19. Nb5 Qd8 20. a4 a6 21. Na3 Ngf6
22. Ke1 Nh5 23. c5 Ng3 24. Rh2 Rh8 25. Rxh8 Qxh8 26. cxd6 cxd6 27. Nc4 Bf8 28.
b3 Qh1+ 29. Kd2 Qh2 30. Ba3 Nf6 31. Nb6 Rb8 32. Ra2 Nfxe4+ 33. fxe4 f3 34. Rc2
fxe2 35. Rc7+ Kg8 36. Qe1 Nxe4+ 37. Kc2 Bf5 38. Kb2 Bh6 39. Bb4 Rf8 40. Ka3 Bg4
41. Qb1 Bf5 42. Qb2 Be3 43. Nc4 Bd4 44. Qc1 Qh3 45. Rxb7 Rc8 46. Ne1 Bc5 47. a5
Bxb4+ 48. Rxb4 g5 49. Qb2 Qh2 50. Ne3 Bg6 51. N3g2 Nc3 52. Rc4 Nb5+ 53. Ka2 Qh3
54. Ne3 Nd4 55. Rxc8+ Qxc8 56. Nc4 Qb8 57. Nb6 Qc7 58. Nc4 Qc5 59. Qd2 Qb5 60.
Qc3 Qxd5 61. Qg3 e4 62. Qh3 Qe6 63. Qe3 Qd5 64. Qh3 Qe6 65. Qe3 Qf6 66. Nd2 d5
67. Qc3 Kg7 68. Qc7+ Bf7 69. Qg3 Nb5 70. Qg4 Qf4 0-1

[Event "New England Masters"]
[Site "Pawtucket"]
[Date "2008.08.15"]
[Round "8.9"]
[White "Jiang, Louie"]
[Black "Bournival, Braden"]
[Result "1/2-1/2"]
[WhiteElo "2135"]
[BlackElo "2303"]
[PlyCount "36"]
[EventDate "2008.08.??"]
[SourceDate "2008.08.11"]

1. e4 c6 2. d4 d5 3. Nc3 dxe4 4. Nxe4 Bf5 5. Ng3 Bg6 6. h4 h6 7. Nf3 Nd7 8. h5
Bh7 9. Bd3 Bxd3 10. Qxd3 e6 11. Bf4 Qa5+ 12. Bd2 Bb4 13. c3 Be7 14. c4 Qc7 15.
O-O-O Ngf6 16. Ne4 Rd8 17. Nxf6+ Nxf6 18. Qe2 c5 1/2-1/2

[Event "New England Masters"]
[Site "Pawtucket"]
[Date "2008.08.15"]
[Round "8.10"]
[White "Liu, Elliott"]
[Black "Esserman, Marc"]
[Result "1-0"]
[WhiteElo "2250"]
[BlackElo "2295"]
[PlyCount "137"]
[EventDate "2008.08.??"]
[SourceDate "2008.08.11"]

1. e4 c5 2. Nc3 a6 3. Nf3 d6 4. d4 cxd4 5. Nxd4 Nf6 6. Be3 Ng4 7. Bc1 Nf6 8.
Be3 e6 9. a4 Nc6 10. Be2 Qc7 11. O-O Be7 12. f4 O-O 13. Kh1 Re8 14. Bf3 Bf8 15.
g4 Nd7 16. Bg2 Rb8 17. g5 g6 18. Qg4 Nb6 19. Nxc6 bxc6 20. b3 Bg7 21. Bd2 Nd7
22. Rae1 Qa7 23. Be3 Qc7 24. Ne2 a5 25. Qh4 Ba6 26. Rf3 f5 27. gxf6 Nxf6 28.
Rh3 Rbd8 29. Ng3 Rd7 30. c4 c5 31. Bd2 h6 32. Bc3 e5 33. Nf1 Rf7 34. Rg3 Nh5
35. Rxg6 Nxf4 36. Rg3 Kh7 37. Ne3 Bf6 38. Qg4 Bc8 39. Nf5 Rg7 40. Qd1 Bxf5 41.
exf5 Bh4 42. Rxg7+ Qxg7 43. Be4 Qf6 44. Rf1 Nh3 45. Qe2 Rb8 46. Qc2 Rg8 47. Bg2
Nf2+ 48. Rxf2 Bxf2 49. Qxf2 Rg4 50. h3 Rh4 51. Qg3 Kh8 52. Bd5 Qg5 53. Qxg5
hxg5 54. Kg2 Kg7 55. Bxa5 Rd4 56. Bc7 Kf6 57. Bxd6 Kxf5 58. a5 Rd2+ 59. Kf1 Ra2
60. Bc7 Kf4 61. Bb7 Ra1+ 62. Ke2 Ra2+ 63. Kd3 Kf5 64. a6 Ra3 65. Kc3 e4 66. Bb8
e3 67. a7 e2 68. Kd2 Ra2+ 69. Ke1 1-0

[Event "New England Masters"]
[Site "Pawtucket"]
[Date "2008.08.15"]
[Round "8.11"]
[White "Hansen, Eric"]
[Black "Bercys, Salvijus"]
[Result "1/2-1/2"]
[WhiteElo "2268"]
[BlackElo "2429"]
[PlyCount "51"]
[EventDate "2008.08.??"]
[SourceDate "2008.08.11"]

1. e4 c5 2. Nf3 e6 3. d4 cxd4 4. Nxd4 a6 5. Bd3 Bc5 6. Nb3 Ba7 7. Qe2 Ne7 8.
O-O Nbc6 9. Be3 e5 10. Bxa7 Rxa7 11. Rd1 O-O 12. Nc3 d6 13. Qe3 Ra8 14. Rd2 Be6
15. Rad1 Qc7 16. Nd5 Bxd5 17. exd5 Nb8 18. c4 b6 19. Re2 Ng6 20. Bxg6 hxg6 21.
Rc2 Nd7 22. Nd2 Nf6 23. Rc3 Rfc8 24. Rdc1 Qd7 25. Ne4 Nxe4 26. Qxe4 1/2-1/2

[Event "New England Masters"]
[Site "Pawtucket"]
[Date "2008.08.15"]
[Round "8.12"]
[White "Panjwani, Raja"]
[Black "Enkin, Max"]
[Result "1-0"]
[WhiteElo "2310"]
[BlackElo "2262"]
[PlyCount "81"]
[EventDate "2008.08.??"]
[SourceDate "2008.08.11"]

1. e4 c5 2. Nf3 Nf6 3. Nc3 e6 4. d4 cxd4 5. Nxd4 d6 6. Be2 Be7 7. f4 Nc6 8. Be3
O-O 9. Qd2 e5 10. Nb3 a5 11. a4 exf4 12. Bxf4 Be6 13. Nd4 Qb6 14. Ndb5 Nb4 15.
Bf3 Rac8 16. O-O-O Nd7 17. Bg5 Bxg5 18. Qxg5 Ne5 19. Be2 Rc6 20. Qd2 Rfc8 21.
Qd4 Qxd4 22. Rxd4 Na2+ 23. Kb1 Nxc3+ 24. Nxc3 Kf8 25. Bb5 Rb6 26. Nd5 Bxd5 27.
exd5 Ke7 28. c4 Rc5 29. Re1 f6 30. Ka2 Kd8 31. b4 Rbxb5 32. axb5 axb4 33. Kb3
Kc7 34. Ra1 Kb6 35. Ra8 Rc7 36. Rd8 Kc5 37. b6 Re7 38. Re4 f5 39. Rc8+ Kxb6 40.
c5+ dxc5 41. d6 1-0

[Event "New England Masters"]
[Site "Pawtucket"]
[Date "2008.08.15"]
[Round "8.13"]
[White "Puntier, William"]
[Black "Schuyler, James"]
[Result "1-0"]
[WhiteElo "2298"]
[BlackElo "2346"]
[PlyCount "43"]
[EventDate "2008.08.??"]
[SourceDate "2008.08.11"]

1. e4 g6 2. d4 Bg7 3. Nc3 c6 4. Nf3 d5 5. h3 dxe4 6. Nxe4 Nd7 7. Bc4 Ngf6 8.
Nxf6+ Nxf6 9. O-O O-O 10. Re1 Nd5 11. Bg5 Re8 12. Qd2 b5 13. Bb3 a5 14. a4 b4
15. Bh6 Bh8 16. Ne5 Qb6 17. Qe2 Bb7 18. Rad1 Rad8 19. Nxf7 Ra8 20. Nxh8 Kxh8
21. Qe6 Nf6 22. Qf7 1-0

[Event "New England Masters"]
[Site "Pawtucket"]
[Date "2008.08.15"]
[Round "8.14"]
[White "Kleiman, Jake"]
[Black "MacIntyre, Paul"]
[Result "1-0"]
[WhiteElo "2353"]
[BlackElo "2290"]
[PlyCount "69"]
[EventDate "2008.08.??"]
[SourceDate "2008.08.11"]

1. e4 e5 2. Nf3 Nc6 3. Bb5 a6 4. Ba4 Nf6 5. O-O Nxe4 6. d4 b5 7. Bb3 d5 8. dxe5
Be6 9. Be3 Be7 10. c3 Nc5 11. Bc2 Nd7 12. Re1 Ndxe5 13. Nxe5 Nxe5 14. Bd4 Ng6
15. Bxg7 Rg8 16. Bxg6 Rxg7 17. Rxe6 hxg6 18. Re2 Rh7 19. Qd3 Kf8 20. Nd2 Bf6
21. Nf3 Kg7 22. Ne5 Qd6 23. Ng4 Rd8 24. h3 c5 25. Rae1 d4 26. Qf3 Rh5 27. Re6
Qxe6 28. Rxe6 Rf5 29. Qb7 d3 30. Re1 Rd6 31. Qc7 d2 32. Rd1 Re6 33. Rxd2 Re1+
34. Kh2 Bg5 35. Qd7 1-0

[Event "New England Masters"]
[Site "Pawtucket"]
[Date "2008.08.15"]
[Round "8.15"]
[White "Galofre, Charles"]
[Black "Shmelov, Denys"]
[Result "0-1"]
[WhiteElo "2320"]
[BlackElo "2349"]
[PlyCount "90"]
[EventDate "2008.08.??"]
[SourceDate "2008.08.11"]

1. Nf3 Nf6 2. c4 e6 3. g3 b6 4. Bg2 Bb7 5. O-O Be7 6. Nc3 O-O 7. Re1 Ne4 8.
Nxe4 Bxe4 9. d3 Bb7 10. e4 c5 11. d4 cxd4 12. Nxd4 d6 13. Qg4 Nd7 14. Bh6 Bf6
15. Be3 a6 16. Rad1 Ne5 17. Qe2 Rc8 18. b3 Qc7 19. f4 Nc6 20. Nc2 Rb8 21. Rd3
Be7 22. Red1 Rfd8 23. a4 Na5 24. Nd4 Nc6 25. Nc2 Ba8 26. Qf2 Na5 27. Nd4 Nb7
28. Qc2 Nc5 29. R3d2 Nd7 30. Ne2 Nf6 31. h3 h5 32. Nc3 Rbc8 33. Rc1 h4 34. g4
d5 35. e5 Bc5 36. Bxc5 Qxc5+ 37. Kh1 Ne4 38. Nxe4 dxe4 39. Re2 Rd3 40. Rce1
Rcd8 41. Kh2 Qb4 42. Re3 Rd2 43. Qb1 Qc5 44. g5 Rf2 45. R1e2 Rxf4 0-1

[Event "New England Masters"]
[Site "Pawtucket"]
[Date "2008.08.15"]
[Round "8.17"]
[White "Battaglini, Gabriel"]
[Black "Reverby, Miro"]
[Result "1-0"]
[WhiteElo "2341"]
[BlackElo "2190"]
[PlyCount "91"]
[EventDate "2008.08.??"]
[SourceDate "2008.08.11"]

1. d4 Nf6 2. c4 g6 3. Nc3 Bg7 4. e4 d6 5. f3 O-O 6. Be3 Nbd7 7. Qd2 c5 8. d5
Qa5 9. Nge2 Ne5 10. Nc1 a6 11. h3 Nh5 12. Bf2 f5 13. f4 Bh6 14. Be3 Ng3 15.
fxe5 f4 16. N3e2 Qxd2+ 17. Bxd2 Nxh1 18. e6 b5 19. g3 g5 20. gxf4 gxf4 21. Bg2
f3 22. Bxh6 fxg2 23. Bxf8 Kxf8 24. b3 bxc4 25. bxc4 Rb8 26. Nb3 a5 27. Kd2 a4
28. Na5 Ba6 29. Ke3 Rb2 30. a3 h5 31. h4 Kg7 32. Rg1 Kf6 33. Rxg2 Ra2 34. Rg8
Rxa3+ 35. Kf4 Nf2 36. Rf8+ Kg6 37. e5 Nd3+ 38. Ke4 Nxe5 39. Nf4+ Kg7 40. Re8
Nxc4 41. Rxe7+ Kf8 42. Nxc4 Bxc4 43. Ra7 Bb5 44. Nxh5 Bd3+ 45. Kf4 Bg6 46. Nf6
1-0

[Event "New England Masters"]
[Site "Pawtucket"]
[Date "2008.08.15"]
[Round "8.18"]
[White "Kazmaier, Daniel"]
[Black "Yanayt, Eugene"]
[Result "0-1"]
[WhiteElo "2134"]
[BlackElo "2254"]
[PlyCount "62"]
[EventDate "2008.08.??"]
[SourceDate "2008.08.11"]

1. d4 Nf6 2. Bg5 Ne4 3. Bf4 c5 4. f3 Nf6 5. d5 d6 6. e4 g6 7. Qd2 Bg7 8. Bh6
Nxe4 9. fxe4 Bxb2 10. c3 Bxa1 11. Nf3 Qb6 12. Bd3 Nd7 13. O-O Nf6 14. Na3 c4+
15. Be3 Bxc3 16. Qc1 Qb2 17. Qxb2 Bxb2 18. Nxc4 Ng4 19. Bf4 Bg7 20. h3 Nf6 21.
Nxd6+ exd6 22. Bxd6 Bd7 23. e5 Nxd5 24. Ng5 f6 25. Nxh7 Bf5 26. Bb5+ Kd8 27.
Nxf6 Nxf6 28. exf6 Bxf6 29. Rd1 Bd7 30. Be7+ Kxe7 31. Rxd7+ Ke6 0-1

[Event "New England Masters"]
[Site "Pawtucket"]
[Date "2008.08.15"]
[Round "8.20"]
[White "Meredith, Matthew"]
[Black "Haessel, Dale"]
[Result "0-1"]
[WhiteElo "2044"]
[BlackElo "2149"]
[PlyCount "82"]
[EventDate "2008.08.??"]
[SourceDate "2008.08.11"]

1. e4 e5 2. Nf3 Nf6 3. Nxe5 d6 4. Nf3 Nxe4 5. Qe2 Qe7 6. d3 Nf6 7. Nc3 c6 8.
Bg5 Qxe2+ 9. Bxe2 Be7 10. O-O-O O-O 11. Rhe1 h6 12. Bh4 Re8 13. Ne4 Nbd7 14.
Bg3 Nxe4 15. dxe4 Nf6 16. e5 dxe5 17. Nxe5 Be6 18. Bc4 Nd5 19. Bb3 h5 20. Nf3
a5 21. Nd4 a4 22. Bc4 Bg5+ 23. Kb1 Nc3+ 24. bxc3 Bxc4 25. Rxe8+ Rxe8 26. Nf5
Be2 27. Rd4 b5 28. Rd6 Bf3 29. Ne3 Bd5 30. f4 Rxe3 31. fxg5 Rxc3 32. g6 fxg6
33. Rxg6 Re3 34. Rg5 Kf7 35. Rxh5 Bxg2 36. Re5 Ra3 37. Kb2 b4 38. Rc5 Bd5 39.
c4 Rc3 40. Be1 a3+ 41. Kb1 Be4+ 0-1

[Event "New England Masters"]
[Site "Pawtucket"]
[Date "2008.08.15"]
[Round "8.21"]
[White "Rosenberg, Evan"]
[Black "Harris, David"]
[Result "1/2-1/2"]
[WhiteElo "2182"]
[BlackElo "2102"]
[PlyCount "47"]
[EventDate "2008.08.??"]
[SourceDate "2008.08.11"]

1. d4 Nf6 2. c4 e6 3. Nc3 Bb4 4. Nf3 Nc6 5. g3 Bxc3+ 6. bxc3 O-O 7. Qd3 d6 8.
e4 e5 9. d5 Nb8 10. Bg2 Na6 11. Ba3 Nd7 12. Nh4 Ndc5 13. Qc2 Qe8 14. O-O Bd7
15. Bc1 Na4 16. Re1 N6c5 17. Bf3 a6 18. Bd2 Kh8 19. Rab1 b5 20. Nf5 f6 21. cxb5
axb5 22. Ne3 Qg6 23. Nf5 Qe8 24. Ne3 1/2-1/2

[Event "New England Masters"]
[Site "Pawtucket"]
[Date "2008.08.15"]
[Round "9.1"]
[White "Stopa, Jacek"]
[Black "Gareev, Timur"]
[Result "1/2-1/2"]
[WhiteElo "2440"]
[BlackElo "2570"]
[PlyCount "28"]
[EventDate "2008.08.??"]
[SourceDate "2008.08.11"]

1. e4 e5 2. Nf3 Nc6 3. Nc3 Nf6 4. Bb5 Bb4 5. O-O O-O 6. d3 Bxc3 7. bxc3 d6 8.
Bg5 Qe7 9. Re1 Nd8 10. d4 Bg4 11. Bc4 Ne6 12. Bh4 Nf4 13. h3 Bc8 14. Bg5 Ne6
1/2-1/2

[Event "New England Masters"]
[Site "Pawtucket"]
[Date "2008.08.15"]
[Round "9.2"]
[White "Erenburg, Sergey"]
[Black "Zhao, Parker"]
[Result "1-0"]
[WhiteElo "2563"]
[BlackElo "2242"]
[PlyCount "65"]
[EventDate "2008.08.??"]
[SourceDate "2008.08.11"]

1. e4 c5 2. Nf3 e6 3. d4 cxd4 4. Nxd4 a6 5. Bd3 Bc5 6. Nb3 Ba7 7. Qg4 Nf6 8.
Qg3 d6 9. Nc3 Nc6 10. Bg5 h6 11. Bd2 Nh5 12. Qf3 Qh4 13. g3 Ne5 14. Qe2 Qg4 15.
O-O-O Qxe2 16. Bxe2 Nf6 17. f4 Neg4 18. Be1 Ke7 19. Rd3 Bd7 20. Bf3 e5 21. Nd1
Bb5 22. Rc3 Rhc8 23. h3 Rxc3 24. Bxc3 Nf2 25. Nxf2 Bxf2 26. fxe5 dxe5 27. Bxe5
Ke6 28. Bc3 Bc6 29. Rf1 Bxg3 30. Nd4+ Kd7 31. Nxc6 bxc6 32. e5 Ng8 33. Rd1+ 1-0

[Event "New England Masters"]
[Site "Pawtucket"]
[Date "2008.08.15"]
[Round "9.3"]
[White "Vovsha, Eli"]
[Black "Vigorito, David"]
[Result "1-0"]
[WhiteElo "2461"]
[BlackElo "2382"]
[PlyCount "123"]
[EventDate "2008.08.??"]
[SourceDate "2008.08.11"]

1. e4 c5 2. Nf3 d6 3. d4 cxd4 4. Nxd4 Nf6 5. Nc3 a6 6. Be3 e5 7. Nb3 Be6 8. f3
Nbd7 9. g4 Nb6 10. g5 Nh5 11. Qd2 Be7 12. O-O-O O-O 13. Rg1 Rc8 14. Kb1 g6 15.
Qf2 Nc4 16. Bxc4 Bxc4 17. Na4 Be6 18. Nb6 Rc7 19. f4 exf4 20. Bxf4 f6 21. Nd4
Nxf4 22. Qxf4 fxg5 23. Qe3 Bf7 24. Nd5 Rc5 25. Nf3 Bxd5 26. exd5 Bf6 27. Nxg5
Qb6 28. c3 Rb5 29. Qxb6 Rxb6 30. Ne4 Be5 31. Rdf1 Rxf1+ 32. Rxf1 Kg7 33. Kc2 h6
34. h3 a5 35. a4 g5 36. Nd2 Ra6 37. Nf3 Bg3 38. Nd4 Kg6 39. Rf8 Be5 40. Ne6 b6
41. Kd3 Ra7 42. Kc4 Rf7 43. Rxf7 Kxf7 44. Kb5 Kf6 45. Kxb6 Kf5 46. Kc6 g4 47.
hxg4+ Kxg4 48. b4 h5 49. bxa5 h4 50. a6 h3 51. a7 h2 52. a8=Q h1=Q 53. Qa6 Kf5
54. Qd3+ Kf6 55. a5 Qa1 56. a6 Qa5 57. Kb7 Bxc3 58. Nc7 Be1 59. a7 Bf2 60. Qf3+
Ke7 61. Qxf2 Qb4+ 62. Qb6 1-0

[Event "New England Masters"]
[Site "Pawtucket"]
[Date "2008.08.15"]
[Round "9.4"]
[White "Kritz, Leonid"]
[Black "Melekhina, Alisa"]
[Result "1-0"]
[WhiteElo "2610"]
[BlackElo "2265"]
[PlyCount "151"]
[EventDate "2008.08.??"]
[SourceDate "2008.08.11"]

1. e4 e5 2. Nf3 Nc6 3. Bb5 a6 4. Ba4 Nf6 5. Qe2 b5 6. Bb3 Bc5 7. c3 d6 8. h3
O-O 9. d3 h6 10. Nbd2 Bb6 11. Nf1 Ne7 12. Ng3 Ng6 13. O-O Re8 14. Re1 Bb7 15.
Be3 Bxe3 16. Qxe3 c5 17. Nd2 Qb6 18. c4 b4 19. Ba4 Bc6 20. Bxc6 Qxc6 21. Ne2
Nd7 22. g3 Ngf8 23. f4 Ne6 24. Nf3 Kf8 25. Nh4 Ke7 26. Nf5+ Kd8 27. a3 Rb8 28.
axb4 Rxb4 29. Ra2 h5 30. Rea1 Nb8 31. fxe5 dxe5 32. Nxg7 Nxg7 33. Qg5+ Kd7 34.
Qxg7 Qg6 35. Qxg6 fxg6 36. Rf1 Re6 37. Nc3 Rb3 38. Rf7+ Re7 39. Rf2 Re6 40. Ra5
Rc6 41. Ra3 Rxa3 42. bxa3 Rb6 43. Na4 Rc6 44. Rf8 Kc7 45. Nc3 Nd7 46. Nd5+ Kb7
47. Rf7 Rd6 48. Kf2 Kc8 49. Kf3 Kd8 50. g4 Ke8 51. Rh7 hxg4+ 52. Kxg4 Nf6+ 53.
Nxf6+ Rxf6 54. Rc7 Rd6 55. Rxc5 Rxd3 56. Rxe5+ Kf7 57. Ra5 Rd4 58. Kf4 Rxc4 59.
Rxa6 Rc3 60. Ra7+ Ke6 61. Ra6+ Kf7 62. Ke5 Rxh3 63. Ra7+ Ke8 64. Kf6 Re3 65. e5
Re1 66. a4 g5 67. a5 g4 68. a6 Ra1 69. Re7+ Kd8 70. a7 g3 71. Rg7 Kc8 72. Rxg3
Kb7 73. Rf3 Rxa7 74. e6 Kc8 75. e7 Kd7 76. Rd3+ 1-0

[Event "New England Masters"]
[Site "Pawtucket"]
[Date "2008.08.15"]
[Round "9.5"]
[White "Friedel, Joshua"]
[Black "Sarkar, Justin"]
[Result "1-0"]
[WhiteElo "2524"]
[BlackElo "2416"]
[PlyCount "95"]
[EventDate "2008.08.??"]
[SourceDate "2008.08.11"]

1. d4 d5 2. c4 c6 3. Nf3 Nf6 4. Nc3 e6 5. Bg5 h6 6. Bxf6 Qxf6 7. g3 Nd7 8. Bg2
dxc4 9. O-O Be7 10. a4 O-O 11. a5 e5 12. e3 exd4 13. exd4 Rd8 14. Qe2 Qe6 15.
Qxe6 fxe6 16. Rfe1 Bf6 17. Rxe6 Nc5 18. Rxf6 Nb3 19. Bf1 Nxa1 20. Bxc4+ Kh8 21.
Rf7 b5 22. axb6 axb6 23. Ne5 Ba6 24. Bxa6 Rxa6 25. Nxc6 Rd6 26. d5 Nc2 27. h4
b5 28. Ne7 Rf6 29. Rxf6 gxf6 30. Nxb5 Kg7 31. Nf5+ Kg6 32. g4 Rb6 33. d6 Kf7
34. Nc7 Rxb2 35. Nxh6+ Kf8 36. Ne6+ Ke8 37. Nf5 Rb1+ 38. Kh2 Rd1 39. h5 Kf7 40.
h6 Kg8 41. Nf8 Nd4 42. h7+ Kh8 43. Nxd4 Rxd4 44. d7 Rd3 45. Kg2 f5 46. g5 f4
47. g6 f3+ 48. Kg3 1-0

[Event "New England Masters"]
[Site "Pawtucket"]
[Date "2008.08.15"]
[Round "9.6"]
[White "Liu, Elliott"]
[Black "Kaminski, Victor"]
[Result "1/2-1/2"]
[WhiteElo "2250"]
[BlackElo "2212"]
[PlyCount "27"]
[EventDate "2008.08.??"]
[SourceDate "2008.08.11"]

1. e4 c6 2. d4 d5 3. exd5 cxd5 4. c4 Nf6 5. Nc3 e6 6. Nf3 Nc6 7. cxd5 Nxd5 8.
Bd3 Be7 9. Bb1 b6 10. O-O Bb7 11. a3 Rc8 12. Ne4 Nf6 13. Re1 Na5 14. Bg5
1/2-1/2

[Event "New England Masters"]
[Site "Pawtucket"]
[Date "2008.08.15"]
[Round "9.7"]
[White "Masse, Hugues"]
[Black "Arkell, Keith"]
[Result "1/2-1/2"]
[WhiteElo "2196"]
[BlackElo "2506"]
[PlyCount "102"]
[EventDate "2008.08.??"]
[SourceDate "2008.08.11"]

1. d4 e6 2. c4 Bb4+ 3. Bd2 Bxd2+ 4. Qxd2 d5 5. Nc3 Nf6 6. Nf3 O-O 7. e3 Nbd7 8.
Rc1 Qe7 9. Qc2 Rd8 10. cxd5 exd5 11. Bd3 c6 12. O-O Nb6 13. h3 g6 14. Ne5 Nfd7
15. Nxd7 Bxd7 16. Na4 Nc8 17. Nc5 Nd6 18. Qe2 Bf5 19. Bxf5 Nxf5 20. Qg4 a5 21.
Rc3 Nd6 22. b3 f5 23. Qd1 Rf8 24. Re1 Ne4 25. Rc2 h5 26. Nd3 h4 27. Qf3 g5 28.
Nc5 Rf7 29. Nxe4 fxe4 30. Qg4 Raf8 31. Ree2 Rf5 32. Rc5 Qf6 33. Rcc2 Kg7 34.
Red2 Kg6 35. Re2 Qe7 36. Rc5 Qd8 37. Rc3 R8f7 38. Rcc2 Qf8 39. Red2 Qb4 40. Rd1
Rf8 41. Rf1 a4 42. bxa4 Qxa4 43. Rb2 R8f7 44. Rc1 Qa3 45. Rcb1 Qa6 46. Rc1 Qa3
47. Rcb1 Rxf2 48. Rxf2 Rxf2 49. Qe6+ Rf6 50. Qg8+ Kh6 51. Qh8+ Kg6 1/2-1/2

[Event "New England Masters"]
[Site "Pawtucket"]
[Date "2008.08.15"]
[Round "9.8"]
[White "Ippolito, Dean"]
[Black "Jiang, Louie"]
[Result "1-0"]
[WhiteElo "2445"]
[BlackElo "2135"]
[PlyCount "67"]
[EventDate "2008.08.??"]
[SourceDate "2008.08.11"]

1. d4 d5 2. c4 e6 3. Nf3 Nf6 4. Nc3 c6 5. e3 Nbd7 6. Bd3 dxc4 7. Bxc4 b5 8. Bd3
Bb7 9. a3 Bd6 10. b4 a5 11. Rb1 axb4 12. axb4 Nd5 13. Nxd5 exd5 14. e4 dxe4 15.
Bxe4 Nf6 16. Bg5 h6 17. Bxf6 Qxf6 18. O-O O-O 19. Bc2 Ra3 20. Re1 Rd8 21. Re3
Rxe3 22. fxe3 g6 23. Qe1 Qe7 24. e4 Bc7 25. Qc3 Bc8 26. h3 Qe8 27. Kh1 Bb6 28.
Re1 Be6 29. Qd2 Qd7 30. Qxh6 Qd6 31. Ng5 Bxd4 32. e5 Bxe5 33. Bxg6 Bc4 34.
Bxf7+ 1-0

[Event "New England Masters"]
[Site "Pawtucket"]
[Date "2008.08.15"]
[Round "9.10"]
[White "Bercys, Salvijus"]
[Black "Belliard, Luis"]
[Result "1-0"]
[WhiteElo "2429"]
[BlackElo "2226"]
[PlyCount "101"]
[EventDate "2008.08.??"]
[SourceDate "2008.08.11"]

1. d4 Nf6 2. c4 e6 3. Nf3 Bb4+ 4. Bd2 Qe7 5. g3 O-O 6. Bg2 Bxd2+ 7. Qxd2 d6 8.
O-O e5 9. Nc3 c6 10. h3 Re8 11. e4 a6 12. a3 Nbd7 13. Rac1 c5 14. dxc5 Nxc5 15.
Qc2 Be6 16. b4 Ncd7 17. Nd2 Rec8 18. Qd3 Nb6 19. Nd5 Nbxd5 20. exd5 Bd7 21.
Rfe1 Qf8 22. Qe3 a5 23. c5 axb4 24. axb4 Ne8 25. c6 bxc6 26. dxc6 Be6 27. b5
Qe7 28. b6 Rab8 29. c7 Nxc7 30. bxc7 Rxc7 31. Rxc7 Qxc7 32. Ne4 f6 33. Nc3 Rb3
34. Rc1 Qb6 35. Qe1 Qb4 36. Ne4 Qxe1+ 37. Rxe1 Rd3 38. Rb1 h6 39. Rb6 f5 40.
Nxd6 Bd7 41. Nc4 e4 42. Bf1 Rd1 43. Ne5 Kh7 44. Kg2 Rd5 45. Nxd7 Rxd7 46. h4 h5
47. Bb5 Re7 48. Kf1 f4 49. gxf4 e3 50. Bd3+ Kg8 51. Bg6 1-0

[Event "New England Masters"]
[Site "Pawtucket"]
[Date "2008.08.15"]
[Round "9.11"]
[White "Shmelov, Denys"]
[Black "Hungaski, Robert"]
[Result "0-1"]
[WhiteElo "2349"]
[BlackElo "2407"]
[PlyCount "72"]
[EventDate "2008.08.??"]
[SourceDate "2008.08.11"]

1. d4 d5 2. c4 e6 3. Nc3 Nf6 4. Bg5 Be7 5. cxd5 exd5 6. Qc2 c6 7. e3 Nbd7 8.
Bd3 Nh5 9. Bxe7 Qxe7 10. Nge2 g6 11. O-O-O Nb6 12. Kb1 Be6 13. Rc1 Nf6 14. h3
Qb4 15. a3 Qe7 16. Na4 Nxa4 17. Qxa4 O-O 18. Qc2 Rac8 19. g4 b6 20. Nf4 c5 21.
Qd2 c4 22. Nxe6 fxe6 23. Bc2 c3 24. bxc3 Qxa3 25. Bd3 Ne4 26. Bxe4 dxe4 27. Rc2
Qb3+ 28. Rb2 Qd5 29. Rc1 b5 30. Qe2 Rc4 31. Qc2 Rfc8 32. Qb3 b4 33. Ra2 a5 34.
Ra4 Qb5 35. Re1 Kf7 36. cxb4 Rc3 0-1

[Event "New England Masters"]
[Site "Pawtucket"]
[Date "2008.08.15"]
[Round "9.12"]
[White "Thavandiran, Shiyam"]
[Black "Kleiman, Jake"]
[Result "1-0"]
[WhiteElo "2288"]
[BlackElo "2353"]
[PlyCount "117"]
[EventDate "2008.08.??"]
[SourceDate "2008.08.11"]

1. d4 d5 2. Nf3 c6 3. e3 Nf6 4. c4 Bg4 5. Nc3 e6 6. Qc2 Bf5 7. Bd3 Bxd3 8. Qxd3
Bb4 9. O-O Nbd7 10. Nd2 O-O 11. e4 Bxc3 12. bxc3 dxe4 13. Nxe4 Nxe4 14. Qxe4
Qa5 15. Rb1 Qxc3 16. Rxb7 Nb6 17. Qxc6 Rac8 18. Rc7 Rxc7 19. Qxc7 Qxc4 20. Qxa7
Nd5 21. Be3 Nc3 22. h3 Qxa2 23. Qxa2 Nxa2 24. Bd2 Rb8 25. Bf4 Rb2 26. Kh2 f6
27. Be3 Kf7 28. Ra1 g5 29. Kg3 h5 30. h4 g4 31. f3 gxf3 32. Kxf3 Kg6 33. g4
hxg4+ 34. Kxg4 Rg2+ 35. Kf3 Rh2 36. Kg3 Re2 37. Kf3 Rh2 38. Bf2 Nb4 39. Kg3 Nc2
40. Rd1 Rxf2 41. Kxf2 Kh5 42. Rd2 Nb4 43. Re2 Nc6 44. Rxe6 Nxd4 45. Rxf6 Kg4
46. Ra6 Nf5 47. Ra4+ Kh5 48. Ra5 Kg4 49. h5 Kf4 50. Ke2 Nh6 51. Rc5 Nf5 52. Kd3
Kg4 53. Ra5 Kf4 54. Rc5 Kg4 55. Kc4 Nh6 56. Kb5 Nf5 57. Kc6 Kg5 58. h6 Kf6 59.
Rxf5+ 1-0